Embalses, fotosíntesis y productividad primaria
Guardado en:
| Autores principales: | , |
|---|---|
| Formato: | Libro |
| Lenguaje: | español |
| Publicado: |
Santiago
Universidad de Chile
1984
|
| Colección: | Programa sobre el Hombre y la Biósfera, UNESCO
|
| Materias: | |
| Etiquetas: |
Agregar Etiqueta
Sin Etiquetas, Sea el primero en etiquetar este registro!
|
MARC
| LEADER | 00000nam a2200000 a 4500 | ||
|---|---|---|---|
| 001 | UCT3807 | ||
| 003 | CL-VaPUC | ||
| 008 | 961031e19840000CL |||||||||||||||||spa|d | ||
| 082 | 0 | 4 | |a 551.48 |b BAH |2 21 |
| 100 | 0 | |a Bahamonde Navarro, Nibaldo |e author |9 372821 | |
| 700 | 0 | |a Cabrera-Silva, Sergio |e author |9 372822 | |
| 245 | 1 | 0 | |a Embalses, fotosíntesis y productividad primaria |
| 300 | |a 236 p | ||
| 942 | |c BK | ||
| 945 | |d 19961031 00:00:00 |a cmena | ||
| 260 | |a Santiago |b Universidad de Chile |c 1984 | ||
| 500 | |a Campo de Acción Nº5. Efectos ecológicos de las actividades humanas sobre el valor y los recursos de los lagos, pantanos, ríos, deltas, estuarios y zonas costeras | ||
| 650 | 7 | |a LIMNOLOGIA |2 CL-VaPUC |9 261208 | |
| 650 | 0 | |a Hidrología |9 261396 | |
| 650 | 7 | |a CORRIENTES DE AGUA |2 CL-VaPUC |9 350181 | |
| 650 | 7 | |a LAGOS |2 CL-VaPUC |9 261209 | |
| 650 | 0 | |a Embalses |9 372823 | |
| 650 | 0 | |a Fotosíntesis |9 261610 | |
| 650 | 0 | |a Citología |9 261432 | |
| 650 | 0 | |a Ecología |9 258124 | |
| 650 | 0 | |a Medio ambiente |9 257625 | |
| 583 | |a last modification |c 20190725 09:37:34 |k Rodrigo Vera | ||
| 490 | 0 | |a Programa sobre el Hombre y la Biósfera, UNESCO | |
| 999 | |c 253337 |d 253335 | ||
| 952 | |0 0 |1 0 |4 0 |6 551_480000000000000_BAH_1984 |7 0 |8 A |9 274041 |a BIBCUR |b BIBCUR |d 2019-11-19 |i 1772600 |o 551.48 BAH 1984 |p 1772600 |r 2025-04-22 |w 2019-11-19 |y BK |k BCB | ||
| 952 | |0 0 |1 0 |4 0 |6 551_480000000000000_BAH_1984 |7 0 |8 P |9 274042 |a BIBAGR |b BIBAGR |d 2019-11-19 |i 3392465 |o 551.48 BAH 1984 |p 3392465 |r 2025-01-20 |w 2019-11-19 |y BK |k AGR | ||
| 952 | |0 0 |1 0 |4 0 |6 551_480000000000000_BAH_1984 |7 0 |8 CCM |9 274043 |a BIBCUR |b BIBCUR |d 2019-11-19 |i 2586010 |o 551.48 BAH 1984 |p 2586010 |r 2025-04-22 |w 2019-11-19 |y BK |k CIM | ||
| 952 | |0 0 |1 0 |4 0 |6 551_480000000000000_BAH_1984 |7 0 |8 CCM |9 274044 |a BIBCUR |b BIBCUR |d 2019-11-19 |i 2586029 |o 551.48 BAH 1984 |p 2586029 |r 2025-04-22 |w 2019-11-19 |y BK |k CIM | ||
| 952 | |0 0 |1 0 |4 0 |6 551_480000000000000_BAH_1984 |7 0 |8 CCM |9 274045 |a BIBCUR |b BIBCUR |d 2019-11-19 |i 2586037 |o 551.48 BAH 1984 |p 2586037 |r 2025-04-22 |w 2019-11-19 |y BK |k CIM | ||
| 952 | |0 0 |1 0 |4 0 |6 551_480000000000000_BAH_1984 |7 0 |8 CCM |9 274046 |a BIBCUR |b BIBCUR |d 2019-11-19 |i 2586045 |o 551.48 BAH 1984 |p 2586045 |r 2025-04-22 |w 2019-11-19 |y BK |k CIM | ||
| 952 | |0 0 |1 0 |4 0 |6 551_480000000000000_BAH_1984 |7 0 |8 CCM |9 274047 |a BIBCUR |b BIBCUR |d 2019-11-19 |i 3028585 |o 551.48 BAH 1984 |p 3028585 |r 2025-04-22 |w 2019-11-19 |y BK |k CIM | ||
| 952 | |0 0 |1 0 |4 0 |6 551_480000000000000_BAH_1984 |7 0 |8 CCM |9 274048 |a BIBCUR |b BIBCUR |d 2019-11-19 |i 3028593 |o 551.48 BAH 1984 |p 3028593 |r 2025-04-22 |w 2019-11-19 |y BK |k CIM | ||